KOHA-Header-6

C# 24-Hour Trainer (Record no. 1581)

000 -LEADER
fixed length control field 00304nam a2200133Ia 4500
008 - FIXED-LENGTH DATA ELEMENTS--GENERAL INFORMATION
fixed length control field 190723s9999 xx 000 0 und d
020 ## - INTERNATIONAL STANDARD BOOK NUMBER
International Standard Book Number 978-81-265-5909-1
100 ## - MAIN ENTRY--PERSONAL NAME
Personal name Rod Stephens
245 #0 - TITLE STATEMENT
Title C# 24-Hour Trainer
250 ## - EDITION STATEMENT
Edition statement 2nd
260 ## - PUBLICATION, DISTRIBUTION, ETC. (IMPRINT)
Place of publication, distribution, etc New delhi
Name of publisher, distributor, etc wiley
Date of publication, distribution, etc 2016
300 ## - PHYSICAL DESCRIPTION
Extent 556:p
942 ## - ADDED ENTRY ELEMENTS (KOHA)
Koha item type Books
Holdings
Withdrawn status Lost status Damaged status Not for loan Collection code Permanent Location Current Location Shelving location Date acquired Total Checkouts Full call number Barcode Checked out Date last seen Date checked out Price effective from Koha item type
        Computer Languages MAJU MAJU Shelf No.A33 2019-07-23 1 5.133 8204 2021-12-02 2021-11-25 2021-11-25 2019-07-23 Computer Languages

Powered by Koha